000 00394cam a22001217a 4500
008 180718b1962 xxu||||| |||| 00| 0 eng d
082 _aI513 In2n
100 _aFriedamann, Jay W.
245 _aAdministrative law in changing world
_cby Jay W. Friedamann
260 _aNew Delhi
_bIndian Institute of Public Administration
_c1962
300 _a32p
650 _aDimensions-Administrative improvement
999 _c499710
_d499710